<?xml version="1.0" encoding="UTF-8"?>
<record
    xmlns:xsi="http://www.w3.org/2001/XMLSchema-instance"
    xsi:schemaLocation="http://www.loc.gov/MARC21/slim http://www.loc.gov/standards/marcxml/schema/MARC21slim.xsd"
    xmlns="http://www.loc.gov/MARC21/slim">

  <leader>06094nab a2200757uuc4500</leader>
  <controlfield tag="001">1351629</controlfield>
  <controlfield tag="005">20250220095926.0</controlfield>
  <controlfield tag="007">co|||||||</controlfield>
  <controlfield tag="008">131126e20120805                    spa  </controlfield>
  <datafield tag="035" ind1=" " ind2=" ">
    <subfield code="a">1351629</subfield>
  </datafield>
  <datafield tag="040" ind1=" " ind2=" ">
    <subfield code="c">comduadb</subfield>
  </datafield>
  <datafield tag="041" ind1=" " ind2=" ">
    <subfield code="a">spa</subfield>
  </datafield>
  <datafield tag="100" ind1="1" ind2="0">
    <subfield code="a">S&#xE1;nchez Hern&#xE1;ndez, Jos&#xE9; Norbey</subfield>
    <subfield code="4">aut</subfield>
    <subfield code="e">aut</subfield>
    <subfield code="9">703246</subfield>
  </datafield>
  <datafield tag="245" ind1="1" ind2="0">
    <subfield code="a">Ciencias B&#xE1;sicas (dossier)</subfield>
  </datafield>
  <datafield tag="505" ind1=" " ind2=" ">
    <subfield code="a">CONTENIDO: Estimaci&#xF3;n de la incertidumbre en la medici&#xF3;n de un inductor de n&#xFA;cleo de hierro utilizando el m&#xE9;todo de la ley de ohm / Jos&#xE9; Norbey S&#xE1;nchez Fern&#xE1;ndez, Andr&#xE9;s Felipe Galvis t, Luis G. Meza Contreras (pp. 150-160). -- El area del paralelogramo y poligonos inscritos / Campo El&#xED;as Gonz&#xE1;lez Pineda, Sandra Milena Garc&#xED;a (pp. 161-165). -- Tecnolog&#xED;as para el estudio y prevenci&#xF3;n de tornados en el contexto del departamento del Atl&#xE1;ntico / Gabriel Dario Pi&#xF1;eres Espitia (pp. 166-174). -- Modelo de Gesti&#xF3;n de Demanda Energ&#xE9;tica Usando Tecnolog&#xED;as Inal&#xE1;mbricas / Fabio Le&#xF3;n Su&#xE1;rez &#xC1;lvarez, Edilson Delgado Trejos (pp. 175-180). -- Dise&#xF1;o e implementaci&#xF3;n en FPGA de un modem 16QAM basado en cordic para satelites cognitivos / JuanEvelio Astaiza Hoyos, H&#xE9;ctor Fabio Berm&#xFA;dez Orozco, Guefry Leider Agredo M&#xE9;ndez (pp. 181-187). -- Acondicionamiento del sensor de pH y temperatura para realizar titulaciones potenciom&#xE9;tricas / Edwin Jhovany Alzate Rodriguez, Jos&#xE9; William Montes Ocampo, Robin Mario Escobar Escobar (pp. 188-196). -- Aislamiento e identificaci&#xF3;n de metabolitos secundarios presentes en hojas de Wigandia urens (Hydrophyllaceae) / Juan Camilo Vargas Gallego, Leovigilio Quijano (pp. 197-202). -- Cicl&#xF3;tidos de la especie Guettarda crispiflora (Rubiaceae) / Lina Mar&#xED;a Gonz&#xE1;lez Cadavid, Oscar Marino Mosquera Mart&#xED;nez, Jaime Ni&#xF1;o Osorio (pp. 203-210). -- Actividad alelop&#xE1;ltica del extracto en cloroformo de Henriettella trachyphylla y en acetato de etilo de Miconia coronata (melastomataceae) / Francisco Javier Jim&#xE9;nez Gonz&#xE1;lez, Paola Ximena Erira Torres (pp. 211-215). -- Pensamiento matem&#xE1;tico en ambientes no formales: un caso de investigaci&#xF3;n en etnomatem&#xE1;tica / Mauricio Casta&#xF1;eda Alvarez, M&#xF3;nica Angulo Cruz (pp. 216-221). -- Estudio del Potencial E&#xF3;lico en Santa Rosa de Cabal para la Generaci&#xF3;n de Electricidad por Medio de Aerogeneradores / Fernando D&#xE1;vila Delgado, David Fernando Mart&#xED;nez Villamil, Edwin Andr&#xE9;s Quintero Salazar (pp. 222-229).</subfield>
  </datafield>
  <datafield tag="505" ind1=" " ind2=" ">
    <subfield code="a"> -- Aspectos geom&#xE9;tricos en modelos de competencia no-suaves que exhiben la bifurcaci&#xF3;n ZIP / Jos&#xE9; Rodrigo Gonz&#xE1;lez Granada, Carlos Mario Escobar Callejas, &#xD3;scar Fern&#xE1;ndez S. (pp. 230-235). -- Comparaci&#xF3;n cualitativa y cuantitativa de las t&#xE9;cnicas b&#xE1;sicas de umbralizaci&#xF3;n local para el procesamiento digital de im&#xE1;genes / Jimy Alexander Cortes Osorio, Jos&#xE9; Andr&#xE9;s Chaves Osorio, Jairo Alberto Mendoza Vargas (pp. 236-241). -- Desigualdad de Chebyshev / Edgar Alirio Valencia Angulo, Yuri Alexander Poveda, Carlos Arturo Escudero Salcedo (pp. 242-246). -- Dise&#xF1;o y simulaci&#xF3;n de un controlador PD an&#xE1;logo con ISIS PROTEUS / Rodrigo Andres Franco Luna, Hugo Baldomiro Cano Garz&#xF3;n (pp. 247-254).</subfield>
  </datafield>
  <datafield tag="650" ind1=" " ind2=" ">
    <subfield code="a">&#xC1;reas (Geometr&#xED;a)</subfield>
    <subfield code="9">114271</subfield>
  </datafield>
  <datafield tag="650" ind1=" " ind2="7">
    <subfield code="a">Pol&#xED;gonos</subfield>
    <subfield code="2">lemb</subfield>
    <subfield code="9">13258</subfield>
  </datafield>
  <datafield tag="650" ind1=" " ind2=" ">
    <subfield code="a">Demanda energ&#xE9;tica</subfield>
    <subfield code="9">196571</subfield>
  </datafield>
  <datafield tag="650" ind1=" " ind2=" ">
    <subfield code="a">Eficiencia energ&#xE9;tica</subfield>
    <subfield code="9">36861</subfield>
  </datafield>
  <datafield tag="650" ind1=" " ind2=" ">
    <subfield code="a">Redes de sensores inal&#xE1;mbricas</subfield>
    <subfield code="9">167380</subfield>
  </datafield>
  <datafield tag="650" ind1=" " ind2=" ">
    <subfield code="a">QAM (Modulacion por amplitud en cuadratura)</subfield>
    <subfield code="9">90691</subfield>
  </datafield>
  <datafield tag="650" ind1=" " ind2=" ">
    <subfield code="a">Actividad antimicrobiana</subfield>
    <subfield code="9">130799</subfield>
  </datafield>
  <datafield tag="650" ind1=" " ind2=" ">
    <subfield code="a">Peptidos ciclicos</subfield>
    <subfield code="9">94285</subfield>
  </datafield>
  <datafield tag="650" ind1=" " ind2="7">
    <subfield code="a">Variables aleatorias</subfield>
    <subfield code="2">lemb</subfield>
    <subfield code="9">26996</subfield>
  </datafield>
  <datafield tag="650" ind1=" " ind2=" ">
    <subfield code="a">Amplificadores operacionales de transconductancia</subfield>
    <subfield code="9">73947</subfield>
  </datafield>
  <datafield tag="650" ind1=" " ind2=" ">
    <subfield code="a">Funciones de transferencia</subfield>
    <subfield code="9">48570</subfield>
  </datafield>
  <datafield tag="700" ind1="1" ind2="0">
    <subfield code="a">Meza Contreras, Luis Gregorio</subfield>
    <subfield code="4">aut</subfield>
    <subfield code="e">aut</subfield>
    <subfield code="9">530333</subfield>
  </datafield>
  <datafield tag="700" ind1="1" ind2="0">
    <subfield code="a">Gonzalez Pineda, Campo Elias</subfield>
    <subfield code="4">aut</subfield>
    <subfield code="e">aut</subfield>
    <subfield code="9">413119</subfield>
  </datafield>
  <datafield tag="700" ind1="1" ind2="0">
    <subfield code="a">Garc&#xED;a Buitrago, Sandra Milena</subfield>
    <subfield code="4">aut</subfield>
    <subfield code="e">aut</subfield>
    <subfield code="9">587784</subfield>
  </datafield>
  <datafield tag="700" ind1="1" ind2="0">
    <subfield code="a">Pi&#xF1;eres Espitia, Gabriel Dar&#xED;o</subfield>
    <subfield code="4">aut</subfield>
    <subfield code="e">aut</subfield>
    <subfield code="9">668035</subfield>
  </datafield>
  <datafield tag="700" ind1="1" ind2="0">
    <subfield code="a">Suarez Alvarez, Fabio Leon</subfield>
    <subfield code="4">aut</subfield>
    <subfield code="e">aut</subfield>
    <subfield code="9">482006</subfield>
  </datafield>
  <datafield tag="700" ind1="1" ind2="0">
    <subfield code="a">Delgado Trejos, Edilson</subfield>
    <subfield code="4">aut</subfield>
    <subfield code="e">aut</subfield>
    <subfield code="9">453483</subfield>
  </datafield>
  <datafield tag="700" ind1="1" ind2="0">
    <subfield code="a">Astaiza Hoyos, Evelio</subfield>
    <subfield code="4">aut</subfield>
    <subfield code="e">aut</subfield>
    <subfield code="9">667879</subfield>
  </datafield>
  <datafield tag="700" ind1="1" ind2="0">
    <subfield code="a">Berm&#xFA;dez Orozco, H&#xE9;ctor Fabio</subfield>
    <subfield code="4">aut</subfield>
    <subfield code="e">aut</subfield>
    <subfield code="9">667880</subfield>
  </datafield>
  <datafield tag="700" ind1="1" ind2="0">
    <subfield code="a">Agredo M&#xE9;ndez, Guefry Leider</subfield>
    <subfield code="4">aut</subfield>
    <subfield code="e">aut</subfield>
    <subfield code="9">459987</subfield>
  </datafield>
  <datafield tag="700" ind1="1" ind2="0">
    <subfield code="a">Alzate Rodr&#xED;guez, Edwin Jhovany</subfield>
    <subfield code="4">aut</subfield>
    <subfield code="e">aut</subfield>
    <subfield code="9">712554</subfield>
  </datafield>
  <datafield tag="700" ind1="1" ind2="0">
    <subfield code="a">Montes Ocampo, Jos&#xE9; William</subfield>
    <subfield code="4">aut</subfield>
    <subfield code="e">aut</subfield>
    <subfield code="9">703247</subfield>
  </datafield>
  <datafield tag="700" ind1="1" ind2="0">
    <subfield code="a">Escobar Escobar, Robin Mario</subfield>
    <subfield code="4">aut</subfield>
    <subfield code="e">aut</subfield>
    <subfield code="9">685655</subfield>
  </datafield>
  <datafield tag="700" ind1="1" ind2="0">
    <subfield code="a">Vargas Gallego, Juan Camilo</subfield>
    <subfield code="4">aut</subfield>
    <subfield code="e">aut</subfield>
    <subfield code="9">703248</subfield>
  </datafield>
  <datafield tag="700" ind1="1" ind2="0">
    <subfield code="a">Quijano, Leovigildo</subfield>
    <subfield code="4">aut</subfield>
    <subfield code="e">aut</subfield>
    <subfield code="9">712555</subfield>
  </datafield>
  <datafield tag="700" ind1="1" ind2="0">
    <subfield code="a">G&#xF3;nzalez Cadavid, Lina Mar&#xED;a</subfield>
    <subfield code="4">aut</subfield>
    <subfield code="e">aut</subfield>
    <subfield code="9">712556</subfield>
  </datafield>
  <datafield tag="700" ind1="1" ind2="0">
    <subfield code="a">Mosquera Mart&#xED;nez, Oscar Marino</subfield>
    <subfield code="4">aut</subfield>
    <subfield code="e">aut</subfield>
    <subfield code="9">712557</subfield>
  </datafield>
  <datafield tag="700" ind1="1" ind2="0">
    <subfield code="a">Ni&#xF1;o Osorio, Jaime</subfield>
    <subfield code="4">aut</subfield>
    <subfield code="e">aut</subfield>
    <subfield code="9">353326</subfield>
  </datafield>
  <datafield tag="700" ind1="1" ind2="0">
    <subfield code="a">Jim&#xE9;nez G&#xF3;nzalez, Francisco Javier</subfield>
    <subfield code="4">aut</subfield>
    <subfield code="e">aut</subfield>
    <subfield code="9">703249</subfield>
  </datafield>
  <datafield tag="700" ind1="1" ind2="0">
    <subfield code="a">Erira Torres, Paola Ximena</subfield>
    <subfield code="4">aut</subfield>
    <subfield code="e">aut</subfield>
    <subfield code="9">703250</subfield>
  </datafield>
  <datafield tag="700" ind1="1" ind2="0">
    <subfield code="a">Casta&#xF1;eda Alvarez, Mauricio</subfield>
    <subfield code="4">aut</subfield>
    <subfield code="e">aut</subfield>
    <subfield code="9">685657</subfield>
  </datafield>
  <datafield tag="700" ind1="1" ind2="0">
    <subfield code="a">Angulo Cruz, M&#xF3;nica</subfield>
    <subfield code="4">aut</subfield>
    <subfield code="e">aut</subfield>
    <subfield code="9">658967</subfield>
  </datafield>
  <datafield tag="700" ind1="1" ind2="0">
    <subfield code="a">D&#xE1;vila Delgado, Fernando</subfield>
    <subfield code="4">aut</subfield>
    <subfield code="e">aut</subfield>
    <subfield code="9">685658</subfield>
  </datafield>
  <datafield tag="700" ind1="1" ind2="0">
    <subfield code="a">Mart&#xED;nez Villamil, David Fernando</subfield>
    <subfield code="4">aut</subfield>
    <subfield code="e">aut</subfield>
    <subfield code="9">712559</subfield>
  </datafield>
  <datafield tag="700" ind1="1" ind2="0">
    <subfield code="a">Quintero Salazar, Edwin Andr&#xE9;s</subfield>
    <subfield code="4">aut</subfield>
    <subfield code="e">aut</subfield>
    <subfield code="9">570356</subfield>
  </datafield>
  <datafield tag="700" ind1="1" ind2="0">
    <subfield code="a">Gonz&#xE1;lez Granada, Jos&#xE9; Rodrigo</subfield>
    <subfield code="4">aut</subfield>
    <subfield code="e">aut</subfield>
    <subfield code="9">627958</subfield>
  </datafield>
  <datafield tag="700" ind1="1" ind2="0">
    <subfield code="a">Escobar Callejas, Carlos Mario</subfield>
    <subfield code="4">aut</subfield>
    <subfield code="e">aut</subfield>
    <subfield code="9">627699</subfield>
  </datafield>
  <datafield tag="700" ind1="1" ind2="0">
    <subfield code="a">Fernandez Santana, Oscar</subfield>
    <subfield code="4">aut</subfield>
    <subfield code="e">aut</subfield>
    <subfield code="9">501044</subfield>
  </datafield>
  <datafield tag="700" ind1="1" ind2="0">
    <subfield code="a">Cort&#xE9;s Osorio, Jimmy Alexander</subfield>
    <subfield code="4">aut</subfield>
    <subfield code="e">aut</subfield>
    <subfield code="9">810500</subfield>
  </datafield>
  <datafield tag="700" ind1="1" ind2="0">
    <subfield code="a">Chaves Osorio, Jos&#xE9; Andr&#xE9;s</subfield>
    <subfield code="4">aut</subfield>
    <subfield code="e">aut</subfield>
    <subfield code="9">703252</subfield>
  </datafield>
  <datafield tag="700" ind1="1" ind2="0">
    <subfield code="a">Mendoza Vargas, Jairo Alberto</subfield>
    <subfield code="4">aut</subfield>
    <subfield code="e">aut</subfield>
    <subfield code="9">410522</subfield>
  </datafield>
  <datafield tag="700" ind1="1" ind2="0">
    <subfield code="a">Valencia Angulo, Edgar Alirio</subfield>
    <subfield code="4">aut</subfield>
    <subfield code="e">aut</subfield>
    <subfield code="9">712560</subfield>
  </datafield>
  <datafield tag="700" ind1="1" ind2="0">
    <subfield code="a">Poveda Qui&#xF1;ones, Yuri</subfield>
    <subfield code="4">aut</subfield>
    <subfield code="e">aut</subfield>
    <subfield code="9">500268</subfield>
  </datafield>
  <datafield tag="700" ind1="1" ind2="0">
    <subfield code="a">Escudero Salcedo, Carlos Arturo</subfield>
    <subfield code="4">aut</subfield>
    <subfield code="e">aut</subfield>
    <subfield code="9">685659</subfield>
  </datafield>
  <datafield tag="700" ind1="1" ind2="0">
    <subfield code="a">Franco Luna, Rodrigo Andres</subfield>
    <subfield code="4">aut</subfield>
    <subfield code="e">aut</subfield>
    <subfield code="9">691258</subfield>
  </datafield>
  <datafield tag="700" ind1="1" ind2="0">
    <subfield code="a">Cano Garz&#xF3;n, Hugo Baldomiro</subfield>
    <subfield code="4">aut</subfield>
    <subfield code="e">aut</subfield>
    <subfield code="9">703254</subfield>
  </datafield>
  <datafield tag="700" ind1="1" ind2="0">
    <subfield code="a">Galvis Tabares, Andr&#xE9;s Felipe</subfield>
    <subfield code="4">aut</subfield>
    <subfield code="e">aut</subfield>
    <subfield code="9">688743</subfield>
  </datafield>
  <datafield tag="773" ind1="0" ind2=" ">
    <subfield code="t">Scientia Et Technica (Pereira)</subfield>
    <subfield code="g">Vol. 17, No. 51, Ago. 2012. CD-ROM, p. 155-254</subfield>
    <subfield code="w">205375</subfield>
    <subfield code="x">0122-1701</subfield>
    <subfield code="0">84632</subfield>
  </datafield>
  <datafield tag="942" ind1=" " ind2=" ">
    <subfield code="c">ARIMP</subfield>
  </datafield>
  <datafield tag="999" ind1=" " ind2=" ">
    <subfield code="c">670799</subfield>
    <subfield code="d">670799</subfield>
  </datafield>
</record>
